| 000 | 01281naa a22002897a 4500 | ||
|---|---|---|---|
| 001 | BR7906004 | ||
| 003 | BR-BrBNA | ||
| 005 | 20240918174433.0 | ||
| 007 | ta | ||
| 008 | 230509b bl.||||| |||| 00| 0 por d | ||
| 040 |
_aBR-BrBNA _bpor _cBiblioteca Nacional de Agricultura |
||
| 041 | _a(Pt) | ||
| 072 |
_aF23 _b/G514 |
||
| 090 | _aF23 BR7906004 | ||
| 100 | 1 | _aCamargo, M.N. | |
| 100 | 1 | _aPalmieri, F. | |
| 111 | 1 |
_a1. Reuniao de Classificacao, Correlacao e Interpretacao de Aptidao Agricola de Solos _cRio de Janeiro, RJ (Brazil) _d01 Aug 1978 |
|
| 245 | 1 | _aCorrelacao aproximada das classes de solos da legenda preliminar do estado do Rio de Janeiro com os sistemas FAO/UNESCO e soil taxonomy [Classificacao do solo; Brasil] | |
| 260 | 3 |
_aRio de Janeiro, RJ (Brasil): _c1979. |
|
| 500 | _aAnais da 1. Reuniao de Classificacao, Correlacao e Interpretacao de Aptidao Agricola de Solos Rio de Janeiro, RJ (Brasil): 1979. p. 41-45 (BR7906004-AM)F23 | ||
| 650 | _aClassificacao do solo | ||
| 650 | _aSolo | ||
| 650 | _aRio de Janeiro | ||
| 773 | 0 |
_tAnais da 1. Reuniao de Classificacao, Correlacao e Interpretacao de Aptidao Agricola de Solos _wF23 BR7906004 _gRio de Janeiro, RJ (Brasil), 1979. p. 41-45 |
|
| 909 |
_a202404 _bLucia _c55 _dLucia Elande |
||
| 942 |
_cAM _2AGRIS |
||
| 999 |
_c311254 _d311254 |
||